000
00369nam a2200145Ia 4500
008
090124s9999 xx 000 0 und d
082
_b
301095
245
_a
पैलतीर
250
_a
1
260
_b
वैशंपायन जान्हवी
_c
1983
300
_a
152
630
_a
पैलतीर
730
_a
पैलतीर
942
_c
BOOK
999
_c
190649
_d
190649